Countries With Cities In The Top 50 - Statistics

General Stats
  • This quiz has been taken 73 times
  • The average score is 25 of 28
Answer Stats
Number Answer % Correct
10 China
100%
7 India
100%
2 Brazil
98%
1 Indonesia
98%
1 Russia
98%
1 United Kingdom
98%
1 Egypt
97%
1 France
97%
3 Japan
97%
1 Mexico
97%
1 Nigeria
97%
4 United States
97%
1 Argentina
94%
2 Pakistan
92%
1 South Korea
92%
1 Turkey
92%
1 Colombia
91%
1 South Africa
91%
1 Iran
89%
1 Bangladesh
88%
1 Thailand
88%
1 Vietnam
88%
1 Peru
85%
1 Democratic Republic of the Congo
83%
1 Philippines
79%
1 Malaysia
77%
1 Taiwan
65%
1 Angola
64%
No matching quizzes found
Score Distribution
Percent of People with Each Score
Percentile by Number Answered
Your Score History
You have not taken this quiz